Caillou Theme Song Lyrics - Statistics

General Stats
  • This quiz has been taken 219 times
  • The average score is 11 of 23
Answer Stats
Answer % Correct
I'm just a {kid} who's four
100%
So many {things} to do
87%
Each day I {go} somewhere
82%
Each thing is {something} new
79%
I like {exploring} I'm Caillou
69%
I'm {just} a kid who's four
59%
I {like} exploring I'm Caillou
55%
I'll {share} them with you I'm Caillou
55%
{I'm} Caillou
47%
I'm {Caillou} x2
47%
Each day I go {somewhere}
46%
{I'm} Caillou
46%
I'm {Caillou}
46%
I'm finding my {way}
46%
With {mommy} and {daddy}
40%
{Caillou}
39%
{Caillou}
38%
{Caillou}
37%
{Caillou}
29%
{I'm} {Caillou}
27%
That's {me} and {me} and {me} and {me}
23%
{Caillou} {Caillou}
18%
My world is turning {changing instead}
2%
No matching quizzes found
Score Distribution
Percent of People with Each Score
Percentile by Number Answered
Your Score History
You have not taken this quiz